000 01151nam a22002777a 4500
001 BRCA_9276
003 FranzMayer
005 20230721104757.0
008 230721b |||||||| |||| 00| 0 eng d
040 _aMFM
_bESP
_cMFM
050 4 _aLE57
_bJ36 1778
082 _2BT198
100 1 _4Autor
_aJamin, Nicolas
_928883
240 1 _aPensamientos theologicos respectivos a los errores de este tiempo
_lesp
245 0 _aPensamiento theologicos respectivos a los errores de este tiempo
260 _aMadrid, España
_bD. Antonio de Sancha
_c1778
300 _a438 p
_c18 cm
500 _aEl libro se esta desprendiendo de su encuadernación
500 _aEl libro cuenta con licencia real
505 0 _aTexto en: españolDirigido a: teólogos, historiadores, religiosos (cristianos o católicos) y sociólogosTraducido del francésIncluye índice temático
600 1 _2Traductor
_aLeon, D. Remigio
_928884
650 1 _2Religión
_aReligión cristiana
_vTeología
_928885
651 2 _2Religión cristiana
_aHistoria y principios de la religión
_vEstudios religiosos
_928886
700 1 _4Trad.
_aLeon, D. Remigio
_928887
942 _2lcc
_cB
999 _c10895
_d10895